LEADER 01134nam a2200265 u 4500 001 000000009387 003 CaOOAMICUS 005 20070226105211.0 008 940516s1957 it u000 u ita u 035 $a10236004 040 $aIAR$bita 100 1 $aRingel, Erwin,$d1921-1994.$0(OLS)http://pul/name/9284 245 10$aPsicoterapia e direzione di coscienza. 260 $a[Roma] :$bEdizioni Paoline,$c[1957] 300 $a168 p. ;$c18 cm 490 1 $aPsychologica (Edizioni Paoline).$a1. Serie ;$v42 500 $aIn testa al front.: Erwin Ringel - Wenzel van Lun. 650 4$aPsicologia e psicoterapia.$0(OLS)http://pul/subject/7792 700 1 $aLun, Wenzel van.$0(OLS)http://pul/name/9285 830 0$aPsychologica (Edizioni Paoline).$n1. Serie ;$v42.$0(OLS)http://pul/title/13689 850 $aPUL 852 $aPUL$W1$xDP1 Fondo Pastorale$y55$mP19 F 40$j13301$nBK-PRI$b $qFondi$B13301$CPULBib$Z2$F13301 $H $81 941 1 $a1 996 $6245$aPsicoterapia e direzione di coscienza$9(OLS)http://pul/title/13792 996 $6260$a[Roma] :$bEdizioni Paoline$9(OLS)http://pul/publisher/51006 LEADER 01090naa a2200205 u 4500 001 000000100917 003 CaOOAMICUS 005 20070226130205.0 008 051205s1988 it u000 u ita u 035 $a11071373 040 $aIAR$bita 100 1 $aLucioni, Alfredo.$0(OLS)http://pul/name/3999 245 10$a[Recensione :] L'Italia nel quadro dell'espansione europea del monachesimo cluniacense; Atti del Convegno Internazionale di storia medievale (Pescia, 26-28 novembre 1981) /$c[Alfredo Lucione]. 260 $a[Milano :$bVita e pensiero],$c[1988] 300 $aS. 380-385 ;$c25 cm 630 04$aItalia nel quadro dell'espansione europea del monachesimo cluniacense.$0(OLS)http://pul/subject/32454 730 0 $aAevum$g[Spogli].$0(OLS)http://pul/title/11692 773 0 $tAevum$k62 (1988)$w()8026 996 $6245$a[Recensione :] L'Italia nel quadro dell'espansione europea del monachesimo cluniacense; Atti del Convegno Internazionale di storia medievale (Pescia, 26-28 novembre 1981)$9(OLS)http://pul/title/127816 996 $6260$a[Milano :$bVita e pensiero]$9(OLS)http://pul/publisher/79155